Введение в инженерную деятельность: учебное пособие
| Hovedforfatter: | |
|---|---|
| Institution som forfatter: | |
| Summary: | Заглавие с титульного экрана Электронная версия печатной публикации В пособии рассмотрены основные вопросы, позволяющие студентам, обучающимся по направлению 280100 "Природообустройство и водопользование", успешно адаптироваться и осуществлять свою учебную, научную деятельности на кафедре гидрогеологии, инженерной геологии и гидрогеоэкологии Института природных ресурсов Национального исследовательского Томского политехнического университета. Режим доступа: из корпоративной сети ТПУ |
| Sprog: | russisk |
| Udgivet: |
Томск, Изд-во ТПУ, 2013
|
| Fag: | |
| Online adgang: | http://www.lib.tpu.ru/fulltext2/m/2014/m047.pdf |
| Format: | MixedMaterials Electronisk Bog |
| KOHA link: | https://koha.lib.tpu.ru/cgi-bin/koha/opac-detail.pl?biblionumber=253601 |
MARC
| LEADER | 00000nlm0a2200000 4500 | ||
|---|---|---|---|
| 001 | 253601 | ||
| 005 | 20240117131014.0 | ||
| 035 | |a (RuTPU)RU\TPU\book\275998 | ||
| 090 | |a 253601 | ||
| 100 | |a 20140314d2013 m y0rusy50 ca | ||
| 101 | 0 | |a rus | |
| 102 | |a RU | ||
| 105 | |a a j 001zy | ||
| 135 | |a drcn ---uucaa | ||
| 181 | 0 | |a i | |
| 182 | 0 | |a b | |
| 200 | 1 | |a Введение в инженерную деятельность |e учебное пособие |f Е. Ю. Пасечник |g Национальный исследовательский Томский политехнический университет (ТПУ) | |
| 203 | |a Текст |c электронный | ||
| 210 | |a Томск |c Изд-во ТПУ |d 2013 | ||
| 300 | |a Заглавие с титульного экрана | ||
| 300 | |a Электронная версия печатной публикации | ||
| 330 | |a В пособии рассмотрены основные вопросы, позволяющие студентам, обучающимся по направлению 280100 "Природообустройство и водопользование", успешно адаптироваться и осуществлять свою учебную, научную деятельности на кафедре гидрогеологии, инженерной геологии и гидрогеоэкологии Института природных ресурсов Национального исследовательского Томского политехнического университета. | ||
| 333 | |a Режим доступа: из корпоративной сети ТПУ | ||
| 337 | |a Adobe Reader | ||
| 601 | 0 | 2 | |a Национальный исследовательский Томский политехнический университет (ТПУ) |b Институт природных ресурсов (ИПР) |b Кафедра гидрогеологии, инженерной геологии и гидрогеоэкологии (ГИГЭ) |h 100 |2 stltpush |3 (RuTPU)RU\TPU\col\18664 |
| 606 | 1 | |a Гидрогеология |2 stltpush |3 (RuTPU)RU\TPU\subj\38647 |9 59032 | |
| 610 | 1 | |a электронный ресурс | |
| 610 | 1 | |a учебные пособия | |
| 610 | 1 | |a труды учёных ТПУ | |
| 610 | 1 | |a природоустройство | |
| 610 | 1 | |a водопользование | |
| 610 | 1 | |a исторические сведения | |
| 610 | 1 | |a история | |
| 610 | 1 | |a развитие | |
| 610 | 1 | |a научная школа | |
| 610 | 1 | |a научно-исследовательская работа | |
| 610 | 1 | |a студенты | |
| 610 | 1 | |a введение в специальность | |
| 675 | |a 556.3(075.8) |v 3 | ||
| 700 | 1 | |a Пасечник |b Е. Ю. |c гидрогеолог |c доцент Томского политехнического университета, кандидат геолого-минералогических наук |f 1983- |g Елена Юрьевна |3 (RuTPU)RU\TPU\pers\26083 |9 11917 | |
| 712 | 0 | 2 | |a Национальный исследовательский Томский политехнический университет (ТПУ) |b Институт природных ресурсов (ИПР) |b Кафедра геофизики (ГЕОФ) |3 (RuTPU)RU\TPU\col\18667 |
| 801 | 1 | |a RU |b 63413507 |c 20140314 | |
| 801 | 2 | |a RU |b 63413507 |c 20160616 |g RCR | |
| 856 | 4 | |u http://www.lib.tpu.ru/fulltext2/m/2014/m047.pdf | |
| 942 | |c CF | ||